The magician's house

Bibliographic Details
Main Author: Panikker, Krishnan
Format: Book
Published: Klang : Pustaka Mawar , 1996
Series:Early bird readers
Subjects:

MARC

LEADER 00000cam a2200000 7i4500
001 0000006969
002 000007505
005 20000330.0
020 |a 9838751251 
090 0 0 |a JF   |b PAN 
100 1 |a Panikker, Krishnan 
245 1 4 |a The magician's house   |c Krishnan Panikker 
260 |a Klang :   |b Pustaka Mawar ,   |c 1996 
300 |a 16 p. :   |b ill. ;   |c 20cm. 
490 0 |a Early bird readers 
650 0 0 |a Children's stories 
999 |a 050218   |b BUKU   |c PINJAMAN   |e PERPUSTAKAAN KOMUNITI PETALING JAYA